000
00231nam a22000857a 4500
008
170617b xxu||||| |||| 00| 0 eng d
100
_9
3498
_a
Rajan. M. S
245
_a
Wireless the latest telecom story
260
_a
New Delhi
_b
N. B. T
_c
2007
999
_c
6881
_d
6881